Measuring attitudes cross-nationally : lessons from the European Social Survey
Αποθηκεύτηκε σε:
| Άλλοι συγγραφείς: | |
|---|---|
| Μορφή: | Βιβλίο |
| Γλώσσα: | English |
| Δημοσίευση: |
Los Angeles :
SAGE,
2007
|
| Θέματα: | |
| Ετικέτες: |
Προσθήκη ετικέτας
Δεν υπάρχουν, Καταχωρήστε ετικέτα πρώτοι!
|
MARC
| LEADER | 00000nam a2200000 i 4500 | ||
|---|---|---|---|
| 001 | 1/92551 | ||
| 008 | 080827s2007 eng d | ||
| 020 | |a 978-1-4129-1981-4 | ||
| 035 | |l 10099670 | ||
| 040 | |a GR-MY-UA |b gre |e aacr | ||
| 041 | 0 | |a eng | |
| 082 | 0 | |a 303.3807204 |2 (22) | |
| 245 | 1 | 0 | |a Measuring attitudes cross-nationally : |b lessons from the European Social Survey / |c editors Roger Jowell ... [κ.ά.] |
| 260 | |a Los Angeles : |b SAGE, |c 2007 | ||
| 300 | |a xii, 272 σ.; |b σχ., πίν. ; |c 25 εκ. | ||
| 504 | |a Περιέχει βιβλιογραφικές αναφορές | ||
| 504 | |a Ευρετήριο: σ. 266-272 | ||
| 650 | 0 | 0 | |a Public opinion polls |z Europe. |
| 650 | 0 | 0 | |a Public opinion |z Europe. |
| 700 | 1 | |a Jowell, Roger. |4 edt | |
| 852 | |a INST |b LESVOS |e 20080827 |h 303.3807204 MEA |p 005100042818 |q 005100042818 |t BK |y 0 | ||
| 901 | |a BIBL1-2008-2 | ||
| 909 | |a Λ |b 152312 | ||
| 922 | |a 1ΕΛΗ |b 200803 |c ΕΠΕΑΕΚ2/ΤΠ |d ΠΑΠΑΣΩΤΗΡΙΟΥ | ||
| 970 | |a ΧΑΤΖΗΜΙΧΑΗΛ |b ΜΑΡΙΑ |z 2008/08/27 | ||